Normal view
MARC view
- الأدب العربي-تاريخ ونقد-الأردن-قرن 20-الأدباء العرب-الأدب المقارن
Entry Topical Term
001 - CONTROL NUMBER
- control field: 45391
003 - CONTROL NUMBER IDENTIFIER
- control field: JO-AjAnu
005 - DATE AND TIME OF LATEST TRANSACTION
- control field: 20230606081517.0
008 - FIXED-LENGTH DATA ELEMENTS
- fixed length control field: 230606|| aca||aabn | a|a d
040 ## - CATALOGING SOURCE
- Original cataloging agency: JO-AjAnu
- Transcribing agency: JO-AjAnu
150 ## - HEADING--TOPICAL TERM
- Topical term or geographic name entry element: الأدب العربي-تاريخ ونقد-الأردن-قرن 20-الأدباء العرب-الأدب المقارن
670 ## - SOURCE DATA FOUND
- Source citation: Work cat.: (JO-AjAnu)23239: تحرير بكار، يوسف, author 45390, الكتابة على الكتابة :قراءات في فكر الناقد يوسف بكار